Pomp and Circumstance no. 4, op. 39 military march no. 4 /
| Main Author: | Elgar, Edward, 1857-1934 |
|---|---|
| Language: | No linguistic content |
| Published: |
London : Boosey & Hawkes, 1907 |
| Series: |
Hawkes Pocket Scores
|
| Physical Description: |
1 partitura (27 s.) |
| LEADER | 00874ncm a22002412a 4500 | ||
|---|---|---|---|
| 001 | 000477003 | ||
| 003 | CZ BrMZK | ||
| 005 | 20110201094105.0 | ||
| 007 | qu | ||
| 008 | 000105s1907 xxk zxx d | ||
| 040 | |a BOA001 |b cze | ||
| 072 | 7 | |a 785 |x Instrumentální hudba. Symfonická hudba. Hudba pro více nástrojů |2 Konspekt |9 9 | |
| 100 | 1 | |a Elgar, Edward, |d 1857-1934 |7 jn19990002036 |4 cmp | |
| 240 | 1 | 0 | |a Pomp and circumstance. |n Č. 4 |
| 245 | 1 | 0 | |a Pomp and Circumstance no. 4, op. 39 |h [hudebnina] : |b military march no. 4 / |c Edward Elgar |
| 260 | |a London : |b Boosey & Hawkes, |c 1907 | ||
| 300 | |a 1 partitura (27 s.) | ||
| 490 | 1 | |a Hawkes Pocket Scores ; |v No. 5 | |
| 830 | 0 | |a Hawkes Pocket Scores | |
| 910 | |a BOA001 |b Mus1-0193.982,5 | ||
| 990 | |a MU | ||
| 991 | |b 201102 | ||
| 996 | 6 | |b 2619746579 |c Mus1-0193.982,5 |l MZK |r Sklad / do 1 hodiny |n 6 |w 000477003 |u 000010 |a 1 |e BOA001 |j MZK50 |s P | |
English
Čeština 